000 00549nam a2200217Ia 4500
003 OSt
005 20220928145936.0
006 a|||||r|||| 00| 0
007 ta
008 220927b |||||||| |||| 00| 0 eng d
024 _a85817
037 _cTextual
040 _aSDCL
_cSDCL
_beng
041 _2eng
_aeng
082 _aX:77x, K8
100 _aFalkus Malcolm E
_9514705
245 0 _aReadings in the history of economic growth
260 _c1968
942 _hX:77x, K8
_cTEXL
_2CC
999 _c838049
_d838049